| 000 | 00802nam a22002652 4500 | ||
|---|---|---|---|
| 999 |
_c9764 _d9764 |
||
| 001 | 9764 | ||
| 003 | BD - JhCC | ||
| 005 | 20180327113723.0 | ||
| 008 | 180327s1976 enkad 000 0 eng d | ||
| 020 | _a0245528717 | ||
| 035 |
_aOCLC ocm16382532 from D970411M _a(BD - JhCC)9764 |
||
| 040 |
_aUKM _cUKM _dEQO _dBD - JhCC |
||
| 041 | _aeng | ||
| 050 | 1 | _aVK555 | |
| 082 | 0 |
_a527/.02/47971 _218 _bWIL 1976 |
|
| 100 | 1 | _aWilkes, Kenneth. | |
| 245 | 1 | 0 |
_aExercises for the ocean yacht navigator / _cKenneth Wilkes. |
| 260 |
_aLymington : _bNautical Publishing Co., _c1976. |
||
| 300 |
_a176 p. : _bill., charts ; _c21 cm. |
||
| 500 | _aWith answers. | ||
| 650 | 0 |
_aNautical astronomy _xProblems, exercises, etc. |
|
| 650 | 0 |
_aNavigation _xProblems, exercises, etc. |
|
| 942 |
_2ddc _cBK |
||